<?xml version="1.0" encoding="UTF-8"?>
<record
    xmlns:xsi="http://www.w3.org/2001/XMLSchema-instance"
    xsi:schemaLocation="http://www.loc.gov/MARC21/slim http://www.loc.gov/standards/marcxml/schema/MARC21slim.xsd"
    xmlns="http://www.loc.gov/MARC21/slim">

  <leader>01976nam a2200205 a 4500</leader>
  <datafield tag="020" ind1=" " ind2=" ">
    <subfield code="a">047122863X (hardcover)</subfield>
  </datafield>
  <datafield tag="020" ind1=" " ind2=" ">
    <subfield code="a">9780471228639 (hardcover)</subfield>
  </datafield>
  <datafield tag="082" ind1=" " ind2=" ">
    <subfield code="a">530 HAL</subfield>
  </datafield>
  <datafield tag="100" ind1="1" ind2=" ">
    <subfield code="a">Halliday, David.</subfield>
  </datafield>
  <datafield tag="245" ind1="1" ind2="0">
    <subfield code="a">Fundamentals of physics :Enhanced Problems Version Part 1</subfield>
  </datafield>
  <datafield tag="250" ind1=" " ind2=" ">
    <subfield code="a">6th Edition Enhanced Problems Version.</subfield>
  </datafield>
  <datafield tag="260" ind1=" " ind2=" ">
    <subfield code="a">[S.l.] :</subfield>
    <subfield code="b">Wiley,</subfield>
    <subfield code="c">2002.</subfield>
  </datafield>
  <datafield tag="300" ind1=" " ind2=" ">
    <subfield code="a">1128 p. ;</subfield>
  </datafield>
  <datafield tag="520" ind1=" " ind2=" ">
    <subfield code="a">No other text on the market today can match the success of Halliday, Resnick and Walker&#x2019;s Fundamentals of Physics. This text continues to outperform the competition year after year, and the new edition will be no exception.&#xA0; Intended for Calculus-based Physics courses, the 6th edition of this extraordinary text is a major redesign of the best-selling 5th edition, which still maintains many of the elements that led to its enormous success.&#xA0; Jearl Walker adds his unique style to this edition with the addition of new problems designed to capture, and keep, students&#x2019; attention.&#xA0; Nearly all changes are based on suggestions from instructors and students using the 5th edition, from reviewer comments, and from research done on the process of learning.&#xA0; The primary goal of this text is to provide students with a solid understanding of fundamental physics concepts, and to help them apply this conceptual understanding to quantitative problem solving. The principal goal of Halliday-Resnick-Walker is to provide instructors with a tool by which they can teach students how to effectively read scientific material and successfully reason through scientific questions. To sharpen this tool, the Enhanced Problems Version of the sixth edition of Fundamentals of Physics contains over 1000 new, high-quality problems that require thought and reasoning rather than simplistic plugging of data into fo</subfield>
  </datafield>
  <datafield tag="650" ind1=" " ind2=" ">
    <subfield code="a">physics</subfield>
  </datafield>
  <datafield tag="700" ind1=" " ind2=" ">
    <subfield code="a">Resnick, </subfield>
  </datafield>
  <datafield tag="700" ind1=" " ind2=" ">
    <subfield code="a">Walker,</subfield>
  </datafield>
  <datafield tag="856" ind1=" " ind2=" ">
    <subfield code="u">http://www.amazon.com/exec/obidos/ASIN/047122863X/chopacon</subfield>
  </datafield>
  <datafield tag="942" ind1=" " ind2=" ">
    <subfield code="c">BK</subfield>
  </datafield>
  <datafield tag="999" ind1=" " ind2=" ">
    <subfield code="c">1909</subfield>
    <subfield code="d">1909</subfield>
  </datafield>
  <datafield tag="952" ind1=" " ind2=" ">
    <subfield code="0">0</subfield>
    <subfield code="1">0</subfield>
    <subfield code="7">0</subfield>
    <subfield code="8">NFIC</subfield>
    <subfield code="a">MLCampus</subfield>
    <subfield code="b">MLCampus</subfield>
    <subfield code="c">GEN</subfield>
    <subfield code="d">2015-08-22</subfield>
    <subfield code="l">0</subfield>
    <subfield code="o">530 HAL</subfield>
    <subfield code="p">003984</subfield>
    <subfield code="r">2015-08-22 00:00:00</subfield>
    <subfield code="w">2015-08-22</subfield>
    <subfield code="y">REF</subfield>
  </datafield>
</record>
